00564nam a2200133 i 4500001000700000003000900007005001700016008004100033245006900074260003300143300002100176650004900197852018400246163152ES-MaACL20250719062545.0050711q1859 be |||| | fre d01a[Règlement de la maison pénitentiaire cellulaire a Louvain]. a[Bruxelles : bs.n., c1859] a59 p. ; c24 cm. 4aEstablecimientos penitenciarios-zBélgica. aES-MaACLjD-134(5) z- Enc. hol. z.- Donativo Lastres q- Ejemp. sin port. z- Enc. en un vol. facticio, formando parte de la col. facticia "Estudios penitenciarios", folletos, 1